Les anaérobies / (Record no. 85762)
[ view plain ]
| 000 -LEADER | |
|---|---|
| campo de control de longitud fija | 00458nam a2200157 i 4500 |
| 001 - NÚMERO DE CONTROL | |
| campo de control | 85762 |
| 003 - IDENTIFICADOR DE NÚMERO DE CONTROL | |
| campo de control | ES-MaACL |
| 007 - CAMPO FIJO DE DESCRIPCIÓN FÍSICA--INFORMACIÓN GENERAL | |
| campo de control de longitud fija | t| |
| 008 - DATOS DE LONGITUD FIJA--INFORMACIÓN GENERAL | |
| campo de control de longitud fija | 041201s1910 fr ||||1| fre d |
| 100 1# - ENTRADA PRINCIPAL--NOMBRE DE PERSONA | |
| Nombre de persona | Jungano, M. |
| 9 (RLIN) | 67290 |
| 245 14 - MENCIÓN DEL TÍTULO | |
| Título | Les anaérobies / |
| Mención de responsabilidad, etc. | par M. Jungano et A. Distaso. |
| 260 ## - PUBLICACIÓN, DISTRIBUCIÓN, ETC. | |
| Lugar de publicación, distribución, etc. | Paris : |
| Nombre del editor, distribuidor, etc. | Masson et Cie, |
| Fecha de publicación, distribución, etc. | 1910 ( |
| Lugar de fabricación/manufactura | Coulommiers : |
| Fabricante | Paul Brodard) |
| 300 ## - DESCRIPCIÓN FÍSICA | |
| Extensión | XII, 228 p. : |
| Otras características físicas | il. ; |
| Dimensiones | 23 cm. |
| 700 1# - ENTRADA AGREGADA--NOMBRE PERSONAL | |
| Nombre de persona | Distaso, A. |
| 9 (RLIN) | 44881 |
| 852 ## - LOCALIZACIÓN | |
| Ubicación | ES-MaACL |
| Número de control de estantería | E-655 |
| Estatus retirado | Estado de pérdida | Estado de daño | No para préstamo | Biblioteca de origen | Biblioteca actual | Ubicación en estantería | Fecha de adquisición | Fuente de adquisición | Total de préstamos | Signatura topográfica completa | Código de barras | Visto por última vez | Precio de reemplazo | Tipo de ítem Koha |
|---|---|---|---|---|---|---|---|---|---|---|---|---|---|---|
| Biblioteca del Ateneo de Madrid | Biblioteca del Ateneo de Madrid | Depósito 2 | 17/01/2008 | E-655 | 1089613 | 23/02/2023 | 23/02/2023 | Libro impreso |
